000 00899nam a22003017a 4500
001 BR7601757
003 BR-BrBNA
005 20230928084933.0
007 ta
008 230509b bl.||||| |||| 00| 0 por d
040 _aBR-BrBNA
_bpor
_cBiblioteca Nacional de Agricultura
041 _a(Por)
072 _aM00
_b/G514
090 _ M00 BR7601757
110 1 _aAssociacao de Credito e Assistencia Rural do Estado do Para, Belem (Brasil)
_9493
245 1 _aDiagnostico preliminar da pesca artesanal nos municipios de Braganca e Vigia [Para; Brasil]
_bConvenio PESCART/ACAR-Para
260 3 _aBelem, PA (Brasil):
_c1976.
300 _a33 p.
500 _a25 tables; 8 ref.
650 _aPesca
650 _aPesca artesanal
650 _aComercializacao
650 _aPreco
650 _aRenda
650 _aProducao pesqueira
909 _a202309
_bLucia
_c55
_dLucia Elande
942 _cBK
999 _c21980
_d21980